01134 a2200229 4500003000500000005001700005010001600022020001500038040000900053082001700062100003000079245017600109260003700285300003300322505025900355650005700614650005200671710002500723942001200748999001900760952012500779Nust20221116132437.0 a 75020010 a0070066906 cNust00a621.3743,TOD1 aTodd, Carl David.910269714aThe potentiometer handbook :busers' guide to cost-effective applications /cwritten for Bourns, inc. by Carl David Todd ; associate editors, W. T. Hardison, W. E. Galvan. aNew York :bMcGraw-Hill,c[1975] axv, 300 p. :bill. ;c27 cm. aIntroduction to Potentiometers (Page-1), Electrical Parameters (Page-17), Application Fundamentals (Page-51), Application as a Circuit Adjustment Device (Page-77), Application as a Control Device (Page-97), Application as a Precision Device (Page-115).  0aElectric resistorsxHandbooks, manuals, etc.9102698 0aPotentiometerxHandbooks, manuals, etc.91026992 aBourns, inc.9102700 2ddccBK c181039d181039 00102ddc4070aMCSbMCScGENd2016-12-12o621.3743,TODpMCS5495r2016-12-08w2016-12-12yBKzAlmirah No.30, Shelf No.4